Quizzes
Events
Quiz Creation
Community
Videos
Private Events
Remove Ads
Sign In
Join for FREE
Feedback
Dark Mode
Quiz Categories
Sports
Geography
Music
Movies
Television
Just For Fun
Miscellaneous
History
Literature
Language
Science
Gaming
Entertainment
Religion
Holiday
For Kids
Quiz Lab
Recent
Popular Today
Quiz Kudos Today
Editor Picks
Curator Picks
Quizzes by...
Day
Popularity
Type
Ratings
Length
Year
Community
Subscriptions
Recent Discussions
Orange Saloon
Badges
Playlists
Quests
Create
Leaderboards
Showdown
Live 5
Trivia Bingo
Activity
Puzzle Library
Sporcle Events
Private Events
Virtual Trivia
Globe League
Become a Host
Pub Owners
SporcleCon
Opinionation
Our Games
Videos
Blog
Mobile Apps
Partnerships
Remove Ads and Go Orange
Feedback
Sports
Athletes
MLB
NBA
NHL
NFL
Soccer
Sports Teams
WWE
NCAA
Football
Premier League
Basketball
Baseball
Hockey
Golf
Tennis
Cricket
Rugby
Auto Racing
Olympics
World Cup
Sports
Athletes
MLB
NBA
NHL
NFL
Soccer
Sports Teams
WWE
NCAA
Football
Premier League
Basketball
Baseball
Hockey
Golf
Tennis
Cricket
Rugby
Auto Racing
Olympics
World Cup
Random Quiz
Search Sporcle
×
Quiz Lab
Quiz Lab
Sports
Batsman
Type in answers that appear in a list
Type in answers that appear in a list
Classic
Best Score? Go Orange.
IPL High Scores 2011 Stats
Can you name the IPL High Scores by batsmen in IPL 2011?
By
tommo_lcfc
15m
50 Questions
89 Plays
89 Plays
89 Plays
Comments
Comments
Give Quiz Kudos
Give Quiz Kudos
-
- Ratings
hide this ad
Replay
Link that replays current quiz
Next Quiz
Link to next quiz in quiz playlist
You Got
0%
They Got
Avg Score
51%
Avg Friend Score
Upgrade to see
Score Distribution
Jump to the score distribution portion of the page
Score
0/50
Timer
15:00
0
Plays Today
Batsman
Score
% Correct
V Sehwag
119
85.4%
CH Gayle
107
83.1%
AC Gilchrist
106
82%
SE Marsh
95
75.3%
RG Sharma
87
62.9%
PC Valthaty
120*
59.6%
BB McCullum
81
59.6%
DA Warner
77
59.6%
V Sehwag
77
59.6%
V Kohli
71
59.6%
SE Marsh
71
59.6%
V Sehwag
80
58.4%
DPMD Jayawardene
76
58.4%
PC Valthaty
75
58.4%
M Vijay
74
57.3%
R Dravid
66
57.3%
EJG Morgan
66
57.3%
KD Karthik
69
56.2%
V Kohli
67
56.2%
AB de Villiers
65
56.2%
KC Sangakkara
65
56.2%
S Anirudha
64
55.1%
S Sohal
62
55.1%
PC Valthaty
62
55.1%
SR Tendulkar
100*
53.9%
Batsman
Score
% Correct
AC Gilchrist
61
53.9%
MEK Hussey
61
53.9%
SE Marsh
61
53.9%
SK Raina
61
53.9%
CH Gayle
102*
48.3%
S Dhawan
95*
42.7%
SR Watson
89*
40.4%
MEK Hussey
83*
40.4%
JH Kallis
80*
40.4%
MEK Hussey
79*
40.4%
SE Marsh
79*
40.4%
S Badrinath
71*
39.3%
CH Gayle
70*
39.3%
MS Dhoni
70*
39.3%
AT Rayudu
63*
39.3%
S Badrinath
63*
39.3%
MS Dhoni
63*
39.3%
G Gambhir
75*
38.2%
CH Gayle
75*
38.2%
J Botha
67*
38.2%
S Badrinath
66*
38.2%
Yuvraj Singh
66*
38.2%
Yuvraj Singh
62*
38.2%
B Chipli
61*
38.2%
MK Tiwary
61*
38.2%
Quiz Playlist
Details
Report
Send in Message
Add To Playlist
Classic:
Type in answers that appear in a list
Last Updated: Feb 16, 2017
Quiz Scoreboard
CHALLENGE
Sign Up to Join the Scoreboard
Show All
Scores
Hide
Comments
May contain spoilers
Recently Published
Movies - When Are They Set?
by FPL_Elf
Movies
5m
Popular People in 1961
by mucciniale
History
6m
1-10 Letter E Words III
by El_Dandy
Language
2m
More to Explore
Quiz From the Vault
Featured Blog Post
Where Did the Easter Bunny Come From?
hide this ad
You Might Also Like...
Tags
2011
Batsman
batsmen
IPL Cricket
opposition
score
Today's Top Quizzes in Sports
Browse Sports
hide this ad
Today's Top Quizzes in Batsman
Browse Batsman
Top Contributed Quizzes in Sports
1
Les meilleurs buteurs des matchs entre le PSG et l’OM
2
FIFA Club World Cup Champions
3
Les entraîneurs de l'OM et du PSG au 21e siècle
4
2022 World Cup Stars
5
Name the Premier League winners with different clubs
6
La finale Lions - Afrique du Sud 2021
7
Criteria MLB: Left Handed Sluggers
8
Les joueurs passés par le LOSC et le RC Lens
9
Players with Multiple 50 Home Run Seasons
10
MLB Players with Two .350 Batting Average Seasons
Explore More
Trending Topics
Disney
NBA
Marvel
Anime
Harry Potter
Kpop
Crossword
NFL
Pokémon
The Office
Puzzle
Soccer
Country
Song
WWE
hide this ad
More By:
tommo_lcfc
Quiz
Plays
Rating
Category
Featured
Created
County Cricket Teams by captain (2011)
233
4.00
Sports
Jun 4, 2011
LCFC Squad 2011-2012
230
Sports
Aug 21, 2011
IPL Highest Totals 2011
125
2.00
Sports
Jun 4, 2011
IPL High Scores 2011
89
Sports
Jun 4, 2011
Leicestershire Foxes (2011)
35
Sports
Jun 4, 2011
Go to Creator's Profile
Score Distribution
Quiz Creator Spotlight
tommo_lcfc
Follow
Send a Message
Quizzes Created
-
Created Quiz Play Count
-
More By This Creator
Popular Quizzes Today
1
Find the US States - No Outlines Minefield
2
Find the Countries of Europe - No Outlines Minefield
3
The Countries of the World
4
Popular People in 1961
5
1-10 Letter E Words III
6
US States
7
Find the US States
8
One Thing in Common: World Cities II
More Sports Quizzes
NFL 3,000-Passing Yard Seasons by Team
Published
Trending Quizzes
Risky Map Clicking: Least Populous States A-Z
1-10 Letter F Words
Humor Books: The Subtitles
1-10 Letter G Words
One Thing in Common: United Kingdom
Recently Updated
Leaping Animals
pecheneg
Reality TV Shows (A-Z)
bhenderson79
Rickey Henderson's Hall of Fame Teammates
pecheneg
Champions League XIs: Arsenal
pecheneg
Quick Pick: Celebrities in WWE's Hall of Fame
aduchscher
A-Z Keypad Blitz II
pecheneg
Multiple Oscar Actors
pecheneg
Mystery Phrase Blitz: Oscar 'Best Actors'
pecheneg
F. Scott Fitzgerald Novels
LTH
Pick 3 Villains
ddd62291
Trending Topics
Anime
Disney
Marvel
Harry Potter
NBA
Kpop
Crossword
The Office
Pokémon
Country
Soccer
NFL
Puzzle
WWE
Song
Your Account Isn't Verified!
In order to create a playlist on Sporcle, you need to verify the email address you used during registration. Go to your
Sporcle Settings
to finish the process.
Report this User
Report this user for behavior that violates our
Community Guidelines
.
Details:
Send Report
Go to the Sporcle.com Mobile Site →
Comments